|
|
|
|
| LEADER |
00000nam0a2200000 4500 |
| 001 |
262679 |
| 005 |
20231101233656.0 |
| 010 |
|
|
|a 9785845918956
|
| 035 |
|
|
|a (RuTPU)RU\TPU\book\285662
|
| 090 |
|
|
|a 262679
|
| 100 |
|
|
|a 20140603d2014 km y0rusy50 ca
|
| 101 |
1 |
|
|a rus
|c eng
|
| 102 |
|
|
|a RU
|
| 105 |
|
|
|a y z 001zy
|
| 200 |
1 |
|
|a Программирование для iOS 7. Основы Objective-C, Xcode и Cocoa
|e пер. с англ.
|f М. Нойбург
|
| 210 |
|
|
|a Москва
|c Вильямс
|d 2014
|
| 215 |
|
|
|a 384 с.
|
| 320 |
|
|
|a Предм. указ.: с. 381-384.
|
| 330 |
|
|
|a Если вы только что приступили к разработке программ для iOS 7 или хотите лучше усвоить основы, это практическое руководство даст вам представление об основных компонентах — языке Objective-C, среде Xcode и каркасах Cocoa Touch. Вы изучите объектно-ориентированные концепции, поймете, как использовать инструменты разработки компании Apple, и узнаете, как среда Cocoa обеспечивает функциональные возможности, необходимые для приложений в системе iOS. Овладев основами, вы будете в состоянии приступить к разработке программ для iOS, руководствуясь этим справочником.
|
| 606 |
1 |
|
|a Операционные системы
|2 stltpush
|3 (RuTPU)RU\TPU\subj\69886
|9 84548
|
| 610 |
1 |
|
|a языки программирования
|
| 610 |
1 |
|
|a объектно-ориентированное проектирование
|
| 610 |
1 |
|
|a среда разработки
|
| 610 |
1 |
|
|a C
|
| 610 |
1 |
|
|a Objective-C
|
| 610 |
1 |
|
|a iOS
|
| 610 |
1 |
|
|a Xcode
|
| 610 |
1 |
|
|a Cocoa
|
| 675 |
|
|
|a 004.451
|v 4
|
| 700 |
|
1 |
|a Нойбург
|b М.
|g Мэтт
|
| 801 |
|
1 |
|a RU
|b 63413507
|c 20140603
|
| 801 |
|
2 |
|a RU
|b 63413507
|c 20150703
|g RCR
|
| 900 |
|
|
|a Программирование
|
| 900 |
|
|
|a Объектно-ориентированное программирование
|
| 900 |
|
|
|a Операционные системы
|
| 942 |
|
|
|c BK
|
| 959 |
|
|
|a 97/20140603
|d 2
|e 0
|f ЧЗТЛ:1
|f АНЛ:1
|